Obálka Náhled e-knihy:
PDF Epub
Pro půjčování e-knih musíte být přihlášeni.
Jak si půjčit online?

Dokonalá lítost /

Další případ z krimisérie o skotských vyšetřovatelích Callanachovi a Turnerové.

Uloženo v:
Série:Inspektor Luc Callanach, část 7
Hlavní autor: Fields, Helen, 1969- (Autor)
Další autoři: Knapová, Nela (Autor)
Médium: E-kniha
Jazyk:Czech
Vydáno: Praha : Kniha Zlin, 2023
Vydání:Vydání první
Edice:Thrill
Témata:
Příbuzné jednotky:Z cyklu:: Inspektor Luc Callanach
Tagy:
Žádné tagy
LEADER 02645nam a2200505 i 4500
001 311892
003 CZ PrSKC
005 20260601215713.0
007 ta
008 230413s2023 xr g 000 f cze
015 |a cnb003515730 
020 |a 9788076624665  |q (vázáno) 
035 |a (OCoLC)1381702561 
040 |a ABG001  |b cze  |d ABA001  |e rda 
041 1 |a cze  |h eng 
072 7 |a 821.111-3  |x Anglická próza, anglicky psaná  |2 Konspekt 
080 |a 821.111-31  |2 MRF 
080 |a (0:82-312.4)  |2 MRF 
100 1 |a Fields, Helen,  |d 1969-  |7 xx0224480  |4 aut 
240 1 0 |a One for sorrow.  |l Česky 
245 1 0 |a Dokonalá lítost /  |c Helen Fieldsová ; přeložila Nela Knapová 
250 |a Vydání první 
264 1 |a Praha :  |b Kniha Zlin,  |c 2023 
300 |a 356 stran ;  |c 21 cm 
336 |a text  |b txt  |2 rdacontent 
337 |a bez média  |b n  |2 rdamedia 
338 |a svazek  |b nc  |2 rdacarrier 
490 1 |a Thrill ;  |v svazek 52 
500 |a Přeloženo z angličtiny 
520 2 |a Další případ z krimisérie o skotských vyšetřovatelích Callanachovi a Turnerové.  |b Edinburgh ochromily vražedné bombové útoky. Oběti se počítají v desítkách a smrt neušetří ani místní policejní oddělení. Šéfinspektorka Ava Turnerová a inspektor Callanach ale nesmějí dovolit, aby jim utrpěné osobní ztráty zabránily vypátrat pachatele. Jak je možné, že nezanechává žádné stopy a je pokaždé o krok před nimi? Avě s Lucem nakonec nezbude nic jiného než dál kráčet vstříc pasti, která je má zničit. Nejvýbušnější případ jejich kariéry začíná a vše, na čem jim kdy záleželo, může skončit v troskách. Nakladatelská anotace. 
655 7 |a anglické romány  |7 fd131814  |2 czenas 
655 7 |a detektivní romány  |7 fd132010  |2 czenas 
655 7 |a thrillery (romány)  |7 fd184206  |2 czenas 
655 9 |a English fiction  |2 eczenas 
655 9 |a detective novels  |2 eczenas 
655 9 |a thrillers (novels)  |2 eczenas 
700 1 |a Knapová, Nela  |7 ola2015884249  |4 trl 
787 0 8 |i Z cyklu:  |t Inspektor Luc Callanach  |g 7 
830 0 |a Thrill 
900 |a ABA001  |b 21 
928 9 |a Albatros Media - Kniha Zlin 
044 |a xr 
910 |a RBIT002 
998 |d 371748  |a https://core.palmknihy.cz/api/books/371748/cover?si6iaw  |b https://core.palmknihy.cz/api/books/371748/cover/400?si6iaw  |c https://core.palmknihy.cz/api/books/371748/cover/50?si6iaw  |e 2028-02-14  |g 360  |i 9788076624665  |j https://core.palmknihy.cz/api/books/371748/preview.epub  |k https://core.palmknihy.cz/api/books/371748/preview.pdf  |l   |q 49  |r 1  |s https://www.palmknihy.cz/kniha/371748  |t ebook  |y 2023  |z 0  |v Luc Callanach  |w 7 
999 |d 311890